000 00296nam a2200133Ia 4500
005 20251222141957.0
008 251222s9999||||xx |||||||||||||| ||spa||
020 _a950-637-032-X
082 _a741.6/S98
100 _aSwann, Alan
245 0 _aDiseño Gráfico:
264 _bBlume
942 _cLIB
999 _c9889
_d9889